Statistics for World Leaders of the Cold War

Click here to take the quiz!

General Stats

  • This quiz has been taken 19,709 times
    (17,936 since last reset)
  • The average score is 22 of 40

Answer Stats

PositionYearsAnswer% Correct
American President1961-1963John F. Kennedy
93%
American President1981-1989Ronald Reagan
92%
American President1989-1993George H. W. Bush
91%
American President1969-1974Richard Nixon
91%
Soviet Leader1922-1952Joseph Stalin
90%
Paramount Leader of China1949-1976Mao Zedong
87%
Cuban Dictator1961-2011Fidel Castro
85%
American President1953-1961Dwight Eisenhower
84%
American President1945-1953Harry Truman
84%
British P.M.1979-1990Margaret Thatcher
84%
Soviet Leader1985-1991Mikhail Gorbachev
84%
American President1977-1981Jimmy Carter
81%
North Korean Dictator1948-1994Kim Il Sung
80%
American President1963-1969Lyndon Johnson
80%
Soviet Leader1955-1964Nikita Khrushchev
72%
Vietnamese Leader1945-1969Ho Chi Minh
71%
French President1959-1969Charles de Gaulle
66%
Yugoslavian President1953-1980Josip Broz Tito
61%
General Secretary of
the Khmer Rouge
1963-1981Pol Pot
60%
Soviet Leader1964-1982Leonid Brezhnev
57%
Chilean Dictator1974-1990Augusto Pinochet
51%
Iranian Ayatollah1979-1989Ruhollah Khomeini
51%
Leader of the
Republic of China
1928-1975Chiang Kai-shek
42%
Israeli P.M.1969-1974Golda Meir
38%
Egyptian President1956-1970Gamal Abdel Nasser
36%
French President1981-1995François Mitterrand
35%
Cuban Dictator1952-1959Fulgencio Batista
33%
Egyptian President1970-1981Anwar Sadat
32%
Paramount Leader
of China
1978-1992Deng Xiaoping
31%
Israeli P.M.1948-1963David Ben-Gurion
30%
Solidarity Chair;
Polish President
1980-1995Lech Walesa
30%
Panamanian Leader1983-1989Manuel Noriega
29%
Indonesian President1967-1998Suharto
29%
Indonesian President1945-1967Sukarno
24%
Israeli P.M.1974-1977Yitzhak Rabin
24%
Iranian Shah1941-1979Mohammad Reza
Pahlavi
22%
Israeli P.M.1984-1986Shimon Peres
17%
Israeli P.M.1977-1983Menachem Begin
16%
Saudi King1964-1975King Faisal
13%
East German Leader1950-1973Walter Ulbricht
12%

Score Distribution

Percentile by Number Answered

Percent of People with Each Score

Your Score History

You have not taken this quiz since the last reset